Normal view
MARC view
Entry Personal Name
001 - CONTROL NUMBER
- control field: 17806
003 - CONTROL NUMBER IDENTIFIER
- control field: BD-RjUL
005 - DATE AND TIME OF LATEST TRANSACTION
- control field: 20260226100022.0
008 - FIXED-LENGTH DATA ELEMENTS
- fixed length control field: 260226|| aca||aabn | a|a d
040 ## - CATALOGING SOURCE
- Original cataloging agency: BD-RjUL
- Transcribing agency: BD-RjUL
100 ## - HEADING--PERSONAL NAME
- Personal name: نعمانى., شبلى Nuʻmānī., Shiblī
- Dates associated with a name: 1857-1914
670 ## - SOURCE DATA FOUND
- Source citation: Work cat.: (BD-RjUL)86221: نعمانى., شبلى Nuʻmānī., Shiblī 1857-1914 , سىرۃ النعمان : ىعنى امام اعظم ابو حنىفہ علیہ رحمۃ کى سوانح عمرى / Sīrat al-Nu'mān : yaʻnī Imām Aʻz̤am Abū Ḥanīfah ʻalaih raḥmatah kī savāniḥ ʻumrī /, 195??